000 01328nam1a2200265 i 4500
001 rc\3018395
005 20240921114523.0
035 _a(NLR Aleph) 007160612
090 _a7245285
_c7245285
100 _a20110926g19369999u||y0rusy50 ca
101 0 _arus
102 _aRU
105 _ay a |||||
200 1 _aБиблиография русской травматологии...
_fд-р С. А. Иохельсон и д-р С. Я. Фрейдлин
_gпод ред. проф. С. С. Гирголава
_gЦентр. гос. травматологич. ин-т им. проф. Р. Р. Вредена
210 _a[Ленинград]
_cБиомедгиз. Ленингр. отд-ние
_d1936
_gтип. им. Котлякова
215 _d22
300 _aВып. 2 и послед. см.: Тютрюмова, Е.А. Библиография советской травматологии
700 1 _aИохельсон
_bС. А.
_gСемен Альфредович
701 1 _aФрейдлин
_bС. Я.
_f1908-
_gСоломон Яковлевич
702 1 _4340
_7ca
_8rus
_aГирголав
_bС. С.
_f1881-1957
_gСемён Семёнович
_9227271
_3RU\NLR\AUTH\770227327
801 0 _aRU
_bNLR
_gpsbo
801 1 _aRU
_bELAR
_2rusmarc
852 _aNLR
_jШифры разные
942 _cBOOK